ការសិក្សាស្រាវជ្រាវជំរឿនដីព្រៃឈើក្នុងខេត្ត ព្រៃវែង (Record no. 2958)

000 -LEADER
fixed length control field 00523nam a22001577a 4500
003 - CONTROL NUMBER IDENTIFIER
control field OSt
005 - DATE AND TIME OF LATEST TRANSACTION
control field 20151102095643.0
008 - FIXED-LENGTH DATA ELEMENTS--GENERAL INFORMATION
fixed length control field 151102b xxu||||| |||| 00| 0 eng d
040 ## - CATALOGING SOURCE
Transcribing agency RUA
082 ## - DEWEY DECIMAL CLASSIFICATION NUMBER
Classification number FOR សេង 1993 B118 Or.1
100 ## - MAIN ENTRY--PERSONAL NAME
9 (RLIN) 3170
Personal name សេង កុសល
245 ## - TITLE STATEMENT
Title ការសិក្សាស្រាវជ្រាវជំរឿនដីព្រៃឈើក្នុងខេត្ត ព្រៃវែង
260 ## - PUBLICATION, DISTRIBUTION, ETC. (IMPRINT)
Place of publication, distribution, etc. Phnom Penh
Name of publisher, distributor, etc. RUA
Date of publication, distribution, etc. 1993
300 ## - PHYSICAL DESCRIPTION
Extent 73p.
Other physical details ill.
Dimensions 29cm.
942 ## - ADDED ENTRY ELEMENTS (KOHA)
Source of classification or shelving scheme
Koha item type FOR
Holdings
Price effective from Date last seen Permanent Location Not for loan Date acquired Source of classification or shelving scheme Koha item type Barcode Lost status Damaged status Shelving location Withdrawn status Current Location Full call number
2015-11-022015-11-02Library Block B 2015-11-02 FORRUA027863  B118 Library Block BFOR សេង 1993 B118 Or.1
2015-11-022015-11-02Library Block B 2015-11-02 FORRUA026017  B118 Library Block BFOR សេង 1993 B118 Or.2
2015-11-022015-11-02Library Block B 2015-11-02 FORRUA026282  B118 Library Block BFOR សេង 1993 B118 Or.3
2015-11-022015-11-02Library Block B 2015-11-02 FORRUA026400  B118 Library Block BFOR សេង 1993 B118 Or.4
2016-01-262016-01-26Library Block B 2016-01-26 FORRUA011853    Library Block BFOR សេង 1993 B118 Or.5
មជ្ឈមណ្ឌលឯការនៃសាកលវិទ្យាល័យភូមិន្ទកសិកម្មចំការដូង

Powered by Koha